Ein Paradies gemeinsamer Erinnerung?

Titel: Ein Paradies gemeinsamer Erinnerung? : Die "Sachsenzeit" in Polen und das heutige Nachbarschaftsverhältnis an der Lausitzer Neiße in Sachsen / Jens Boysen
Verfasser:
In: Sächsische Heimatblätter, Band 62, Heft 2 (2016), Seite 174-182
alle Artikel anzeigen
Veröffentlicht: 2016
Umfang: Illustrationen
Format: Aufsatz
Sprache: Deutsch
Schlagworte:
Kein Bild verfügbar
X
alg: 43046738
001A    $03025:09-05-18 
001B    $01999:09-05-18 $t22:47:42.000 
001C    $03025:09-05-18 $t11:34:57.000 
001D    $03025:09-05-18 
001U    $0utf8 
001X    $00 
002@    $0Aou 
002C    $aText $btxt $2rdacontent 
002D    $aohne Hilfsmittel zu benutzen $bn $2rdamedia 
002E    $aBand $bnc $2rdacarrier 
003@    $0430467389 
007A    $0430467389 $aHEB 
010@    $ager 
010E    $erda 
011@    $a2016 
021A    $aEin @Paradies gemeinsamer Erinnerung? $dDie "Sachsenzeit" in Polen und das heutige Nachbarschaftsverhältnis an der Lausitzer Neiße in Sachsen $hJens Boysen 
028A    $BVerfasser $4aut $7140884009 $8Boysen, Jens$Z1968- [Tp1] $9221999108 
031A    $d62 $e2 $h174-182 $j2016 
034M    $aIllustrationen 
039B    $aEnthalten in $8--Abvc--. Sächsische Heimatblätter. - Niederjahna : Zentrum für Kultur, Geschichte, 1958-. - ISSN 0486-8234 $x201600000620002826 $9047686766 
044K    $#Görlitzer Neiße $#Neiße Fluss $#Nysa Łużycka $#Lužická Nisa $74034756-4 $8Lausitzer Neiße [Tg1] $9085093629 
044K    $#Sachsen $#Sachsen $#Sakska $#Sajonia $#Sasko $#Königreich Sachsen $#Kurfürstentum Sachsen $#Land Sachsen $#Kursachsen $#Freistaat Sachsen $#Free State of Saxony $#Saxe $#Saxony $#Chur-Sachsen $#Etat Libre de Saxe $#Republik Sachsen $74051176-5 $8Sachsen [Tg1] $9085142662 
044K    $RKongresspolen $RWestgalizien $#Generalgouvernement Polen $#Polska $#Rzeczpospolita Polska $#Polska Rzeczpospolita Ludowa $#Poland $#Pologne $#République Polonaise $#Generalne Gubernatorstwo w Polsce $#Polish People's Republic $#Polska Rzeczpospolita Polen $#PRL $#RP $#Polen Generalgouvernement $#Polska Generalgouvernement $#Besetzte Polnische Gebiete $#Besetztes Gebiet in Polen $#Okupowane Polskie Obszary $#Obszary Okupowane w Polsce $#Volksrepublik Polen $#Polska Rosyjska $#Republic Polen $#Respublika Pol'ša $#Pol'skaja Narodnaja Respublika $#République de Pologne $#Polen Links der Weichsel $#Polska po Lewej Stronie Wisły $#Lenkija $#Polija $#Gubernija Carstva Pol'skago $#Republik Polen $74046496-9 $8Polen [Tg1] $9085129801 
044K    $RRelation $#Wechselbeziehung $#Beziehungen $74145198-3 $8Beziehung [Ts1] $9085577189 
044K    $RPolitische Identität $RGeschichtsbild $RGeschichtsdenken $#Conscience historique $#Geschichtsbewusstsein $#Historisches Bewusstsein $#Geschichtsverständnis Geschichtsbewusstsein $#Geschichtskultur $74020526-5 $8Geschichtsbewusstsein [Ts1] $9085049387 
045R    $aGeschichte 1690-2015 
045T    $a8,1 

lok: 43046738 78

exp: 43046738 78 1 #EPN
201B/01 $009-05-18 $t11:32:54.000 
201C/01 $009-05-18 
201U/01 $0utf8 
203@/01 $0102184781X 
208@/01 $a09-05-18 $be 
209A/01 $a/ $f000 $x00 
209A/01 $ab*p $x01 
220C/01 $apgar 
244Z/01 $#Generalgouvernement Polen $#Polska $#Rzeczpospolita Polska $#Polska Rzeczpospolita Ludowa $#Poland $#Pologne $#République Polonaise $#Generalne Gubernatorstwo w Polsce $#Polish People's Republic $#Polska Rzeczpospolita Polen $#PRL $#RP $#Polen Generalgouvernement $#Polska Generalgouvernement $#Besetzte Polnische Gebiete $#Besetztes Gebiet in Polen $#Okupowane Polskie Obszary $#Obszary Okupowane w Polsce $#Volksrepublik Polen $#Polska Rosyjska $#Republic Polen $#Respublika Pol'ša $#Pol'skaja Narodnaja Respublika $#République de Pologne $#Polen Links der Weichsel $#Polska po Lewej Stronie Wisły $#Lenkija $#Polija $#Gubernija Carstva Pol'skago $#Republik Polen $74046496-9 $8--Tg1--Polen $x01 $9085129801 
244Z/01 $#Schlesien $#Schlesien $#Herzogtum Schlesien $#Herzogtum Schlesien Schlesien $#Provinz Schlesien $#Śla̜sk $#Slezsko $#Silesia $74052678-1 $8--Tg1--Schlesien $x02 $9085146781 
247C/01 $82080>Marburg/Lahn, Herder-Institut, Forschungsbibliothek, Bibliographieportal $9336309341
LEADER 00000caa a2200000 c 4500
001 430467389
003 DE-603
005 20180509224742.0
007 tu
008 180509s2016 xx |||| | u00||u|ger c
035 |a (DE-599)HEB430467389 
040 |a DE-603  |b ger  |c DE-603  |d DE-603  |e rda 
041 |a ger 
084 |a 8,1  |2 ssgn 
100 1 |a Boysen, Jens  |d 1968-  |e Verfasser  |4 aut  |0 (DE-603)221999108  |0 (DE-588)140884009  |2 gnd 
245 0 0 |a ˜Einœ Paradies gemeinsamer Erinnerung?  |b Die "Sachsenzeit" in Polen und das heutige Nachbarschaftsverhältnis an der Lausitzer Neiße in Sachsen  |c Jens Boysen 
264 0 |c 2016 
300 |b Illustrationen 
336 |a Text  |b txt  |2 rdacontent 
337 |a ohne Hilfsmittel zu benutzen  |b n  |2 rdamedia 
338 |a Band  |b nc  |2 rdacarrier 
648 7 |a Geschichte 1690-2015  |2 gnd 
650 7 |a Beziehung  |0 (DE-588)4145198-3  |0 (DE-603)085577189  |2 gnd 
650 7 |a Geschichtsbewusstsein  |0 (DE-588)4020526-5  |0 (DE-603)085049387  |2 gnd 
651 7 |a Lausitzer Neiße  |0 (DE-588)4034756-4  |0 (DE-603)085093629  |2 gnd 
651 7 |a Sachsen  |0 (DE-588)4051176-5  |0 (DE-603)085142662  |2 gnd 
651 7 |a Polen  |0 (DE-588)4046496-9  |0 (DE-603)085129801  |2 gnd 
773 0 8 |i Enthalten in  |t Sächsische Heimatblätter  |d Niederjahna : Zentrum für Kultur, Geschichte, 1958-  |x 0486-8234  |g Band 62, Heft 2 (2016), Seite 174-182  |w (DE-603)047686766  |w (DE-600)504423-6 
924 0 |9 2080  |a (DE-603)102184781X  |b DE-2080  |c HES  |d d  |g /